000 01252nam a22001937a 4500
999 _c62506
_d62506
003 Ge_BSU
005 20241119145624.0
008 241119s1940 ge ||||| |||| 00| 0 geo d
041 _ageo
080 _a616-089(075.8) დ-92
100 _aდემეტრაძე, ნ.ი.
_923746
245 _aოპერაციული ქირურგიის მოკლე სახელმძღვანელო სტომატოლოგიური ინსტიტუტის სტუდენტებისათვის :
_bწ. 1, ზოგადი ნაწილი : მთავარი სისხლ-ძარღვების გადასკვნა. ლაპაროტომია. ჰერნიოლოგია /
_cნ.ი. დემეტრაძე.
264 _aთბილისი :
_bსაქმედგამი,
_c1940.
300 _a119 გვ. :
_bილ.
_c20 სმ.
653 _aოპერაციული ქირურგია
653 _aმთავარი სისხლ-ძარღვების გადასკვნა. ლაპაროტომია. ჰერნიოლოგია.
653 _aმედიცინა
942 _2udc
_cᲬᲘᲒᲜᲘ